| 000 | 00686cam a2200205 a 4500 | ||
|---|---|---|---|
| 001 | 000008251 | ||
| 005 | 20200929161323.0 | ||
| 008 | 910408s1988 cu 001 0 spa | ||
| 035 | _a(DLC) 91888768 | ||
| 040 |
_aDO-SdBNP _cDLC |
||
| 082 |
_aCu864.44 _bA779p |
||
| 100 | 1 |
_aArrufat, Anton, _c1935- _922374 |
|
| 245 | 1 | 4 |
_aLas pequeñas cosas / _cAnton Arrufat , edicción José Rodríguez Feo. |
| 260 |
_aCiudad de La Habana : _bUnión de Escritores y Artistas de Cuba, _c1988. |
||
| 300 |
_a138 p. ; _c23 cm. |
||
| 650 | 4 |
_aEnsayo cubano _920853 |
|
| 650 | 4 |
_aLiteratura cubana _ySIGLO XX _99186 |
|
| 700 | 1 |
_aRodríguez Feo, José, _eed. _916879 |
|
| 910 | _aCatalogación por copia / LC | ||
| 999 |
_c8022 _d8022 |
||